00567nam a2200193Ia 4500008004100000020001800041050001400059100002000073245003000093245009600123245005500219260001500274260001600289260000900305300001400314300002700328300001000355500000800365170918s9999 xx 000 0 und d a9780545123259 bK395 2008 aKerley, Barbara aWhat to do about Alice? : bhow Alice Roosevelt broke the rules, charmed the world, and drove her father Teddy crazy! / cBarbara Kerley ; illustrated by Edwin Fothringham. aNew York : bScholastic, c2008 aunpaged : bcolored illustration ; c25cm. a800